000 00901nab a2200265 u 4500
001 15583
003 HDC
007 cr bn ---aaaaa
008 210218c20150512my dr|nes 0 a may d
040 _aHDC
100 _aMohd Amin Jalil
_cauthor
_915751
245 0 _aSasar 15000 botol sehari / oleh
_cMohd Amin Jalil
246 _aProduk Kesihatan Berasaskan Sarang Burung Walet
260 _aKuala Lumpur :
_bThe New Straits Times Press (M) Bhd.,
_c2015
336 _atext
_2rdacontent
337 _acomputer
_2rdamedia
338 _aonline resource
_2rdacarrier
650 _aBird nest
_98006
650 _aHealth products
_96116
710 _aHarian Metro
856 _zRequest full-text at [email protected]
942 _2lcc
942 _cNEWS
942 _kNWSC 005807
999 _c12899
_d12899